| 000 | 00971nam a22002177a 4500 | ||
|---|---|---|---|
| 999 |
_c7796 _d7796 |
||
| 003 | AR-CdUCM | ||
| 008 | 190321b ||||| |||| 00| 0 spa d | ||
| 040 |
_aMUNICIPALIDAD PROVINCIAL DEL CUSCO _cBIBLIOTECA MUNICIPAL DEL CUSCO |
||
| 082 |
_a611 / _bH22 |
||
| 100 |
_aHartman ,Phillip E. _922034 |
||
| 245 | _aAccion de los Genes / | ||
| 260 |
_aMéxico : _bUnion Tipografica Editorial Hispano Americana , _c1968. |
||
| 300 |
_a257 páginas ; _c17.5 cm. |
||
| 505 | _aContenido : El apareamiento de las bases y la accion de los genes -- Estructura de las Proteinas -- Sintesis de las Proteinas -- Proteinas Mutantes -- La Complementacion -- Consecuencias Secundarias de la mutacion de los genes -- Formacion del mensajero -- Regulacion del Ribosoma... | ||
| 650 |
_aEstrcuturas Proteicas _922035 |
||
| 650 |
_aGenetica y Biologia _922036 |
||
| 650 |
_aSintetizacion de Cromosomas _922037 |
||
| 700 |
_aSuskind, Sigmund R. _922038 |
||
| 942 |
_2ddc _cLIBROS |
||
| 945 | _artm | ||